KOHA-Header-6

Calculus shaums outlines (Record no. 6251)

000 -LEADER
fixed length control field 00265nam a2200109Ia 4500
100 ## - MAIN ENTRY--AUTHOR NAME
Personal name Ayres,frank
245 #0 - TITLE STATEMENT
Title Calculus shaums outlines
260 ## - PUBLICATION, DISTRIBUTION, ETC. (IMPRINT)
Place of publication New Delhi
Name of publisher Bantam Books Inc
Year of publication 2004
300 ## - PHYSICAL DESCRIPTION
Number of Pages 578
942 ## - ADDED ENTRY ELEMENTS (KOHA)
Koha item type Books
Holdings
Withdrawn status Lost status Collection code Permanent Location Current Location Shelving location Date acquired Full call number Accession Number Koha item type
    Calculus MAJU MAJU Shelf No.A27 2019-09-07 515 4555 Calculus

Powered by Koha